000 00657cam a22002051 4500
001 ne 64002749
003 DLC
005 20260227111806.0
008 870129s1951 ir abch 000 0 perr
010 _ane 64002749
035 _a(OCoLC)23580515
040 _aDLC
_cMiU
_dDLC
042 _apremarc
050 0 0 _aE178
_b.A558
100 1 _aʻĀmirī, Sulṭān Muḥammad,
_d1892 or 1893-
245 1 0 _aTārīkh-i Kishvarhā-yi Muttaḥidah-i Amrikā,
_ctaʼlīf Salṭan Muḥammad ʻĀmirī.
260 _a[Tihrān]
_bChāp-i Tabān
_c[muqaddamah 1951]
300 _a27, 331 p.
_billus., facsim., maps, ports.
_c25 cm.
651 0 _aUnited States
_xHistory
999 _c47536
_d47536